História #2 - Statistics

Estatísticas Gerais
  • Esse quiz foi jogado 134 vezes
  • A pontuação média é 5 de 15
Estatísticas das Respostas
Hint Resposta % Correto
Onde nasceu Jesus Cristo? Belém
88%
Qual o símbolo do cristianismo? Cruz
88%
Como os Romanos chamavam aos povos que rodeavam o seu império e que tinham língua e costumes diferentes dos seus? Bárbaros
54%
Qual o nome dado ao movimento de renovação cultural inspirado na cultura clássica (greco-romana), que surgiu em Itália, no século XV? Renascimento
53%
Qual a filosofia onde o Homem está no centro das preocupações humanas? Antropocentrismo
38%
Qual o nome que é dado á dispersão dos judeus por todo o espaço mediterrânico por terem sido obrigados a sair da sua terra? Diáspora
35%
De onde vieram os vinkings? Escandinávia
33%
Para onde Maomé teve de fugir? Medina
30%
De onde vieram os húngaros? Ásia
25%
De onde vieram os muçulmanos? África
22%
Que nome é dado á inspiração na cultura greco-romana? Classicismo
19%
Em que ano Portugal conquistou Ceuta? 1415
13%
Que nome é dado á afirmação pessoal de cada individuo e valorização das suas realizações? Individualismo
8%
Quem comandou a deslocação para a Palestina e o Egito? Abrão
4%
Que nome é dado aos intelectuais da época do Renascimento que estudaram os autores antigos e, graças ao seu espírito critico, alargaram o saber em várias áreas? Humanistas
3%
Nenhum quiz correspondente encontrado
Distribuição das Pontuações
Porcentagem de Pessoas com Cada Pontuação
Percentil de Números Respondidos
Sua Pontuação Histórica
Você não jogou esse quiz